000 00733nam a2200253Ia 4500
003 OSt
005 20220925181755.0
006 a|||||r|||| 00| 0
007 ta
008 220923b |||||||| |||| 00| 0 eng d
037 _cGeneral Book
040 _aRTL
_cRTL
_beng
041 _2eng
_aeng
082 _aX76, L0
100 _aHaveman Robert H Ed.
_9254730
245 0 _aPublic expenditure and policy analysis
260 _aChicago
_bMarkham
_c1970
300 _aix, 596p.
_ccm.
490 _aMarkham economics series
650 _aExpenditure
_9236431
700 _a Margolis Julius Ed.
_9254731
942 _hX76, L0
_cGB
_2CC
999 _c500239
_d500239